Recent trends in mothers' aid. (Record no. 36324)

MARC details
000 -LEADER
fixed length control field 00607caa a22002052 4500
001 - CONTROL NUMBER
control field l 40000042
003 - CONTROL NUMBER IDENTIFIER
control field DLC
005 - DATE AND TIME OF LATEST TRANSACTION
control field 20260227111537.0
008 - FIXED-LENGTH DATA ELEMENTS--GENERAL INFORMATION
fixed length control field 901109r19341934ilu 000 0 eng
010 ## - LIBRARY OF CONGRESS CONTROL NUMBER
LC control number l 40000042
040 ## - CATALOGING SOURCE
Original cataloging agency DLC
Transcribing agency DLC
Modifying agency DLC
043 ## - GEOGRAPHIC AREA CODE
Geographic area code n-us---
050 00 - LIBRARY OF CONGRESS CALL NUMBER
Classification number HV1
Item number .S6 vol. 8, no. 2
100 1# - MAIN ENTRY--PERSONAL NAME
Personal name Abbott, Grace,
Dates associated with a name 1878-1939.
245 10 - TITLE STATEMENT
Title Recent trends in mothers' aid.
260 ## - PUBLICATION, DISTRIBUTION, ETC.
Place of publication, distribution, etc. [Chicago,
Date of publication, distribution, etc. 1934]
300 ## - PHYSICAL DESCRIPTION
Extent p. 191-210.
Dimensions 24 cm.
650 #0 - SUBJECT ADDED ENTRY--TOPICAL TERM
Topical term or geographic name entry element Mothers' pensions
Geographic subdivision United States.
773 1# - HOST ITEM ENTRY
Title Social service review.
Place, publisher, and date of publication Chicago, 1934.
Related parts v. 8, no. 2, p. 191-210
Record control number (DLC) 29008588

No items available.

Powered by Koha